000
00314nam a22001217a 4500
008
160521b xxu||||| |||| 00| 0 eng d
020
_a
0321550072
020
_a
9780321550071
041
_a
eng
080
_a
578
245
_a
Microbiology:
_c
Gerard J. Tortora; Berdell R. Funke; Christine L. Case;
942
_2
udc
_c
BK
999
_c
2359
_d
2359